Top 10 Green Bay Packers of all time - Statistics

General Stats
  • This quiz has been taken 105 times
  • The average score is 7 of 10
Answer Stats
Pos Player % Correct
QB Aaron Rodgers
100%
QB Brett Favre
99%
QB Bart Starr
92%
DE Reggie White
92%
LB Clay Matthews
71%
CB Charles Woodson
70%
WR Donald Driver
64%
WR Don Hutson
51%
FB Jim Taylor
35%
OT Forrest Gregg
26%
No matching quizzes found
Score Distribution
Percent of People with Each Score
Percentile by Number Answered
Your Score History
You have not taken this quiz